000 01113nam a22002775i 4500
001 156485
003 ES-MaACL
005 20250728062611.0
008 150121s1998 sp |||| | spa d
020 _a84-920047-4-6
080 _a929.52 Benavente
080 _a946.018.4 Benavente
100 0 _aBeceiro Pita, Isabel.
_926874
245 1 3 _aEl condado de Benavente en el siglo XV /
_cIsabel Beceiro Pita.
260 _a[Benavente] :
_bCentro de Estudios Benaventanos,
_c1998.
300 _a332 p. :
_bil. ;
_c24 cm.
490 1 _aMonografías Centro de Estudios Benaventanos "Ledo del Pozo" ;
_v1
600 3 4 _aBenavente,
_cCondes de.
_9156155
651 4 _aBenavente-
_xHistoria.
_9156156
710 2 _aCentro de Estudios Benaventanos "Ledo del Pozo"
_9144530
830 0 0 _aMonografías (Centro de Estudios Benaventanos "Ledo del Pozo")
_v1
_9177262
852 _aES-MaACL
_jA-13327
_9162247
_bR.150324
_cDEPO1
_dOlim: N-6327
_hDonación: Centro de Estudios Benaventanos
914 _9144530
_aCentro de Estudios Benaventanos "Ledo del Pozo"
_ednr
942 _2udc
_cMONOGRAFIA
999 _c156485
_d156485